| 000 | 00377cam a22001217a 4500 | ||
|---|---|---|---|
| 008 | 180718b1980 xxu||||| |||| 00| 0 eng d | ||
| 082 | _aB11x54 In2 | ||
| 245 |
_aOur cultural fabric: some aspects _cedited by P.N. Chopra |
||
| 260 |
_aDelhi _bThe Controller of Publications _c1980 |
||
| 300 | _a57+p. | ||
| 700 | _aIndia. Ministry of Education and Culture | ||
| 700 | _aChopra, P.N. | ||
| 999 |
_c488339 _d488339 |
||